Responses for show #5195 - Friday, March 23, 2007

Doug Hicton game 1.

Contestants

Leigh King, an elementary school librarian from Worcester, Massachusetts

Doug Hicton, a composer originally from Regina, Saskatchewan, Canada

Alison Fowler, an administrator from Portland, Oregon (whose 1-day cash winnings total $15,400)

Jeopardy! Round responses

HAIL TO THE CHIEF
THE DIRECTOR'S CHAIR
PEOPLE YOU CAN EAT
AFRICAN CITIES
HORSING AROUND
(Alex: And finally, we want you to give us the familiar version as we...)
DUMB DOWN THE SIMILE
    $200 21
a log cabin

Doug
    $200 14
(Francis Ford) Coppola

Alison
    $200 1
berries

Leigh
    $200 7
Cairo

Doug
    $200 26
a headless horseman

Alison
    $200 9
fit as a fiddle

Doug
    $400 22
(George) Washington

Doug
    $400 15
(Alex: [*], yes, of Titanic fame.)

James Cameron

Leigh
    $400 2
Sandwich

Doug
    $400 6
Khartoum

Doug
    $400 27
Crazy Horse

Doug
    $400 10
light as a feather

Doug
    $600 23
(James) Madison

Doug
    $600 16
Emilio Estevez

Alison
    $600 3
a salad

Leigh
    $600 8
Marrakesh

Leigh
    $600 28
the Trojan Horse

Doug
    $600 11
cute as a button

Doug
    $800 24
(Alison: What is a Texan?)

a Democrat

Alison
Triple Stumper
    $800 17
(John) Carpenter

Doug
    $800 4
Nellie Melba

Doug
    $3,000 18
(Alex: Can't figure out which Johannes.)

Johannesburg

Doug
    $800 29
harness racing

Alison
    $800 12
flat as a pancake

Doug
    $1000 25
(Doug: Who is Lincoln?)
...
(Alex: The man who preceded him, [*]. "On the Eve of".)

James Buchanan

Doug
Triple Stumper
    $1000 20
(Federico) Fellini

Doug
    $1000 5
Macadamia nuts

Doug
    $1000 19
Tunis

Alison
    $1000 30
(Alex: A very beautiful event called [*].)

dressage

Triple Stumper
    $1000 13
[Applause for Doug's run of the category.]

sober as a judge

Doug

Scores at the first commercial break (after clue 17):

Alison Doug Leigh
$800 $6,600 $1,800

Scores at the end of the Jeopardy! Round:

Alison Doug Leigh
$2,000 $11,800 $1,800

Double Jeopardy! Round responses

HAIL TO THE CHEF
(Alex: Not the chief.)
GEOGRAPHICAL BANDS
MEDICAL DEVICES
ABRAHAM, ISAAC, JACOB
(Alex: And we're gonna need last names as well.)
WOMEN WRITERS
"D" FACTO
    $400 4
Emeril Lagasse

Doug
    $400 6
America

Doug
    $400 18
a mist (or a spray; a gas accepted)

Alison
    $400 13
Abraham Lincoln

Doug
    $400 1
Charlotte Brontë

Doug
    $400 26
a dunce cap

Doug
    $2,600 5
Paul Prudhomme

Doug
    $800 7
The Miami Sound Machine

Alison
    $800 19
tubes

Doug
    $800 14
Isaac Asimov

Leigh
    $800 2
Anne Rice

Doug
    $800 27
death row

Leigh
    $1200 23
The Joy of Cooking

Alison
    $1200 8
Brasil '66

Alison
    $1200 20
William McKinley

Doug
    $1200 15
Isaac Stern

Doug
    $4,000 3
Willa Cather

Doug
    $1200 28
a declaration

Alison
    $1600 24
(Martin) Yan

Doug
    $1600 9
Berlin

Triple Stumper
    $1600 21
Ace

Alison
    $1600 16
Abe Fortas

Triple Stumper
    $1600 11
Jane Austen

Alison
    $1600 29
disembodied

Alison
    $2000 25
Giada De Laurentiis

Doug
    $2000 10
Asia

Triple Stumper
    $2000 22
(Doug: What's lathing?)

an irrigation syringe

Doug
Triple Stumper
    $2000 17
Jacob Riis

Alison
    $2000 12
Lillian Hellman

Leigh
    $2000 30
dignity

Triple Stumper

Scores at the end of the Double Jeopardy! Round:

Alison Doug Leigh
$13,600 $26,000 $5,400

[wagering suggestions for these scores]

Final Jeopardy! Round responses

BESTSELLING AUTHORS
LeighWho is Stephen King?
$5,400
AlisonWho is Stephen King?
$13,599
DougWho is Stephen King?
$1,201
John Grisham

Final scores:

Alison Doug Leigh
$1 $24,799 $0
2nd place: $2,000 New champion: $24,799 3rd place: $1,000

Game dynamics:

Coryat scores:

Alison Doug Leigh
$13,600 $19,200 $5,400
14 R,
1 W
31 R
(including 3 DDs),
2 W
7 R,
0 W

Combined Coryat: $38,200

The J! Archive is created by fans, for fans. The Jeopardy! game show and all elements thereof, including but not limited to copyright and trademark thereto, are the property of Jeopardy Productions, Inc. and are protected under law. This website is not affiliated with, sponsored by, or operated by Jeopardy Productions, Inc. Join the discussion at JBoard.tv.